000 00436nam a2200169Ia 4500
005 20250508152441.0
008 008 250505s9999 xx 000 0 eng d
037 _aReference
040 _aFEDL
_beng
_cFEDL
041 _aeng
_2eng
084 _a370.1544, HIL
_qFEDL
100 _aHilgard Ernest R
245 0 _aTheories of learning
300 _a563p.
942 _cREF
_h370.1544, HIL
999 _c1336500
_d1336500